| 000 | 00946cgm a2200289 4500 | ||
|---|---|---|---|
| 001 | E1828 | ||
| 008 | 090401t1993 xxu||||| |||| 00| 0 eng d | ||
| 035 | _a(Sirsi) u35881 | ||
| 041 | _aeng | ||
| 050 | _a346.41032 | ||
| 100 | _aTaylor, Bill | ||
| 245 | _aProfessional negligence (how to avoid it) 3rd edition | ||
| 250 | _a3rd | ||
| 260 |
_aLondon _bRoyal Institution of Chartered Surveyors _c1993 |
||
| 300 | _a1 sound cassette (60 min.) | ||
| 350 | _a10.21 | ||
| 490 | _aOwlion Audio Programme | ||
| 520 | _aCovers the background of the Law of Negligence and provides an up date of cases which have given rise to claims against Chartered Surveyors. | ||
| 650 | _aAUDIO CASSETTES | ||
| 650 | _aNEGLIGENCE | ||
| 650 | _aSURVEYORS | ||
| 690 | _aMANAGEMENT-BUSINESS MANAGEMENT-PROFESSIONAL PRACTICE | ||
| 700 | _aGillett, Alan | ||
| 710 |
_aRoyal Institution of Chartered Surveyors _94900 |
||
| 942 | _n0 | ||
| 948 | _c04/03/1997 | ||
| 999 |
_c85213 _d85213 |
||